KRAJE, KTÓRYCH KUCHNIE LUBIMY W POLSCE NAJBARDZIEJ: - Statystyki

Ogólne statystyki
  • Ten quiz został rozwiązany 282 razy
  • Średni wynik to 5 z 6
Statystyki odpowiedzi
Odpowiedź % Poprawnych
WŁOCHY
94%
CHINY
84%
STANY ZJEDNOCZONE
81%
JAPONIA
79%
HISZPANIA
72%
TURCJA
59%
Nie znaleziono quizów pasujących do podanych kryteriów
Rozkład punktacji
Procent ludzi z każdym wynikiem
Percentyl według liczby udzielonych odpowiedzi
Twoja historia wyników
Nie rozwiązałeś tego quizu